000 01615nam a22003017a 4500
999 _c23567
_d23567
003 AR-CdUCM
008 260331b2024 pe ||||| |||| 00| 0 spa d
040 _aMUNICIPALIDAD PROVINCIAL DEL CUSCO
_cBIBLIOTECA MUNICIPAL DEL CUSCO
041 _hspa
082 _a333.7 /
_bF61
100 _aFlores Moreno, Adhemir
_952423
245 _aEcología del Don :
_bEstudio Etnográfico e Intercultural sobre crIsis Ecológica y Reciprocidad en Comunidades Campesinas Altoandinas (Quispicanchi, Cusco) /
260 _aLima - Perú
_bCentro de Estudios y Prevención de Desastres - PREDES
_c2024
300 _a117 Páginas. :
_bImágenes
_c21 X 29 cm.
500 _zPáginas 111 - 117
505 _aContenido: Capítulo 1: Fundamentos y objetivos de la investigación etnográfica y filosófica con enfoque intercultural -- Capítulo 2: Lecturas críticas campesinas sobre el impacto del cambio climático en sus identidades y formas de vida -- Capítulo 3: Acciones campesinas para afrontar los problemas -- Capítulo 4: Hacia un enfoque de interculturalidad crítica en los programas y proyectos en comunidades alto andinas...
650 _aMetodología de la investigación
_95165
650 _aLa interculturalidad crítica
_952424
650 _aÉtica de Investigación
_952425
650 _aLa reciprocidad
_952426
650 _aTierra nostra
_952427
650 _aReduciendo riesgos
_952428
650 _aLa ambivalencia de los bienes
_952429
650 _aEl ayllu y la acción pólitica
_952430
650 _aDesarraigo, migración, y expulsión
_952431
942 _2ddc
_cLIBROS
945 _ajmcs
_d31/03/2026